000 02113nam a22002657a 4500
003 UA-OsUOA
001 85516
007 ta
008 20120703b un ||||| |||| 00| 0 ukr d
090 _a070+654.172(075.8)
_bП90
942 _cBK
040 _aUA-OsUOA
_bukr
_cUA-OsUOA
_dUA-OsUOA
245 _aПутівник з громадського контролю за діяльністю органів місцевого самоврядування
_cЗа ред. Неберикута О.
300 _a84 с.
955 _a2
041 _aukr
080 _a070+654.172(075.8)
020 _a978-966-518-525-3
520 3 _aПідручник ставить за мету розкрити концептуально-теоретичні засади функціонування телевізійної журналістики у системі ЗМІК. Новітню телевізійну журналістику в Україні не можна уявити поза тлумаченням соціальної дійсності, поза оцінкою і прогнозом
520 3 _a, поза коментуванням подій та явищ суспільного життя.Українська школа журналістики тяжіє до європейської, де без аналізу фактів, розкриття їх суті, виявлення їх причинно-наслідкових взаємозв’язків – не можна вважати нормальним життя громадян. Аналіт
520 3 _aичність журналістики є виразом її сутності як певної форми відображення об’єктивної і реальної дійсності. Видання розраховане на студентів відділень міжнародної інформації та тих, хто цікавиться телебаченням.
260 _aЛьвів
_bКМА
_c2009
650 7 _a070 Газети. Преса. Журналістика
_2UDC
999 _c371822
_d371822